TERLEPAS DARI KEGERUNAN DI KINABALU

Bibliographic Details
Main Author: Arifin Muhammad (Author)
Format: Book
Language:Malay
Published: Selangor : PENERBITAN HARAPAN 2020
Series:Siri semesta
Subjects:

MARC

LEADER 00000cam a2200000 7i4500
001 0000139426
005 20210222.0
008 200720t2020my a j 000 0 bmf may d
020 |a 9789672237259 (set) 
020 |a 9789672237303 
040 |a PERPUSTAM   |b eng   |c PERPUSTAM   |e rda 
090 0 0 |a J 899.2333   |b ARI 
100 0 |a Arifin Muhammad ,   |e author 
245 1 0 |a TERLEPAS DARI KEGERUNAN DI KINABALU   |c Arifin Muhammad 
264 1 |a Selangor :   |b PENERBITAN HARAPAN   |c 2020 
300 |a 110 pages ;   |c 18cm. 
336 |a text  |2 rdacontent 
337 |a unmediated  |2 rdamedia 
338 |a volume  |2 rdacarrier 
490 1 |a Siri Semesta 
650 1 0 |a Children's stories Malay 
650 2 0 |a Malay fiction 
830 0 |a Siri semesta 
999 |a 0000656122   |b Buku   |c Koleksi Pinjaman Kanak-Kanak   |e Perbadanan Perpustakaan Awam Melaka 
999 |a 0000656123   |b Buku   |c Koleksi Pinjaman Kanak-Kanak   |e Perpustakaan Cawangan Jasin 
999 |a 0000656124   |b Buku   |c Koleksi Pinjaman Kanak-Kanak   |e Perpustakaan Cawangan Masjid Tanah 
999 |a 0000656125   |b Buku   |c Koleksi Pinjaman Kanak-Kanak   |e Perpustakaan Cawangan Merlimau 
999 |a 0000656126   |b Buku   |c Koleksi Pinjaman Kanak-Kanak   |e Perbadanan Perpustakaan Awam Melaka 
999 |a 0000656127   |b Buku   |c Koleksi Pinjaman Kanak-Kanak   |e Perbadanan Perpustakaan Awam Melaka 
999 |a 0000656128   |b Buku   |c Koleksi Pinjaman Kanak-Kanak   |e Perpustakaan Komuniti UTC Melaka 
999 |a 0000656129   |b Buku   |c Koleksi Pinjaman Kanak-Kanak   |e PERPUSTAKAAN PENJARA SUNGAI UDANG 
999 |a 0000656130   |b Buku   |c Koleksi Pinjaman Kanak-Kanak   |e Perbadanan Perpustakaan Awam Melaka 
999 |a 0000656131   |b Buku   |c Koleksi Pinjaman Kanak-Kanak   |e Perbadanan Perpustakaan Awam Melaka 
999 |a 0000656132   |b Buku   |c Koleksi Pinjaman Kanak-Kanak   |e Perbadanan Perpustakaan Awam Melaka